00831nam a2200229 a 450000100100000000500170001000800410002702000150006804000250008308200180010810000370012624500480016326000530021130000260026449000420029065000280033265000420036083000510040204900090045395201220046299900170058400002317720200930022034.0101129s1993 sp r 000 f spa d a8401429110 aDO-SdBNPbspacBNPHU a863.64bM715d1 aMoix, Terenci,d1942-200394771710aEl día que murio Marilyn /cTerenci Moix. aBarcelona, (España) :bPlaza & Janés,c1993. a472, [2] p. ;c18 cm.1 aBiblioteca de autoraAve fenixv188/1 4aNovela española91123 4aLiteratura españolaySIGLO XX93326 0aBiblioteca de autor ;pAve fenixv188/1947718 aBNGR 001054708MOaGRbGRcCTd2010-11-29iLF1l0o863.64 M715dp23177-10r2020-06-25w2020-06-25y4ZPréstamo en sala c22674d22674